Vista normal Vista MARC

Entrada Nombre personal

Número de registros utilizados en: 1

001 - NÚMERO DE CONTROL

  • Campo de control: 45125

003 - IDENTIFICADOR DE NÚMERO DE CONTROL

  • Campo de control: OSt

005 - FECHA Y HORA DE LA ULTIMA MODIFICACION

  • Campo de control: 20210426110559.0

008 - ELEMENTOS DE DATOS DE LONGITUD FIJA

  • Campo de longitud fija: 210426|| aca||aabn | a|a d

040 ## - FUENTE DE LA CATALOGACIÓN

  • Agencia original de catalogación: OSt

100 1# - ENCABEZAMIENTO--NOMBRE DE PERSONA

  • Nombre personal: Viana Orantes, Norma Elizabeth

670 ## - FUENTE DE DATOS ENCONTRADOS

  • Fuente de citación: Investigacicón, Cómo pueden, adaptarse al cambio, el sector informal la micro y pequeña en la zona Occidental de El Salvador, debido a la crisis que se vive a nivel mundial, pasando de un proceso manual a digital utilizando herramientas virtuales.-

670 ## - FUENTE DE DATOS ENCONTRADOS

  • Fuente de citación: BMC.- 26-04-2021